Икономически и демографски растеж в Третия свят (Запис номер 153370)
[ съкратено ]
| 000 -Лидер | |
|---|---|
| Контролно поле с фиксирана дължина | 01633nam a2200373 c 4500 |
| 003 - Код на организацията, давaща контролен номер | |
| Контролно поле | BLK |
| 005 - Дата и час на последна редакция | |
| Контролно поле | 20200408111425.0 |
| 008 - Елементи от данни с фиксирана дължина | |
| fixed length control field | 180410b bul|||||r ||||||| ||bul|| |
| 010 ## - Наследен системен номер | |
| LC control number | KNG00159900000 |
| 040 ## - Източник на каталожния запис | |
| Идентификатор на билиотеката - собственик на записа | BLK |
| 041 ## - Код за език | |
| Код за езика на текст/звукозапис или на отделно заглавие | Български |
| Код за езика КДБФ | Български |
| 080 ## - УДК | |
| Текстов определител УДК | Демография. Изучаване на населението |
| УДК код - определител по УДК | 314 |
| УДК определител | (67) |
| УДК - код + определител | 314(67) |
| 080 ## - УДК | |
| Текстов определител УДК | Икономическо положение. Икономическа политика. Управление. Планиране. Производство. Услуги. Цени |
| УДК код - определител по УДК | 338 |
| УДК определител | (67) |
| УДК - код + определител | 338(67) |
| 100 1# - Редна дума - Автор | |
| Автор | Найденова, Пенка Иванова |
| Авторска отговорност | първи автор |
| R(LIN) | 374704 |
| 139 ## - Редно поле | |
| Редна дума | Найденова, Пенка Иванова |
| Авторски знак | Наи - Н 17 |
| 245 10 - Сведения за заглавието | |
| Заглавие | Икономически и демографски растеж в Третия свят |
| Подзаглавни данни | Екватор. Африка : Моногр. |
| Редно поле (дума) | Пенка Иванова Найденова. |
| 257 ## - Страна на издаване | |
| Страна на създаване/издаване | България |
| 260 ## - Област на издателските данни | |
| Име на издателя, разпространителя и проч. | БАН |
| Година на издаване | 1987 |
| 300 ## - Физическа характеристика | |
| Страници | 270 с. |
| Илюстрации и др. | с табл., сх., диагр., 4 л. цв. ил. |
| Размери/Мащаб | 20 см |
| 380 ## - Жанр | |
| Жанр | Обществени науки |
| 500 ## - Общи забележки | |
| Забележка | Изд. на БАН. Икон. инст. - 600 тир. |
| 650 #4 - Допълнително описание по предмет – тема | |
| Основно описание – тема или топоним | Икономика |
| 9 (RLIN) | 156831 |
| 650 #4 - Допълнително описание по предмет – тема | |
| Основно описание – тема или топоним | Демография |
| 9 (RLIN) | 152968 |
| 650 #4 - Допълнително описание по предмет – тема | |
| Основно описание – тема или топоним | Африка |
| 9 (RLIN) | 246452 |
| 651 #4 - Допълнително описание по предмет - топоним | |
| Географско понятие | Африка |
| 9 (RLIN) | 246452 |
| 653 ## - Ключова дума – ненормативна | |
| Ключова дума | икономика |
| 653 ## - Ключова дума – ненормативна | |
| Ключова дума | демографска статистика |
| 653 ## - Ключова дума – ненормативна | |
| Ключова дума | Африка |
| 852 ## - Местоположение | |
| Форматна сигнатура | Цб 151042 |
| 856 4# - Електронен адрес и достъп | |
| Електронен формат | pdf - файл |
| 856 4# - Електронен адрес и достъп | |
| Електронен формат | pdf - файл |
| 999 ## - СИСТЕМНИ КОНТРОЛНИ НОМЕРА | |
| Koha biblionumber | 153370 |
| Koha biblioitemnumber | 153370 |
| 942 ## - АРТИКУЛИ | |
| Вид на библиотечния материал | Книги |
| Скрит в OPAC | Не |
| Периодичен библиозапис | Да |
| 944 ## - СЪЗДАВАНЕ И РЕДАКЦИЯ на ЗАПИСА | |
| Създаване/Редакция | Създаване |
| Дата на регистрацията/редакция | 17.04.2014 |
| Статус, дата на статуса | 17.04.2014 - от С1,Р / 17.04.2014 |
| Служител, извършил регистрацията/редакцията | Грета_Цуфелде |
| 944 ## - СЪЗДАВАНЕ И РЕДАКЦИЯ на ЗАПИСА | |
| Създаване/Редакция | Редакция |
| Дата на регистрацията/редакция | 17.04.2014 |
| Статус, дата на статуса | 17.04.2014 - от С1,Р / 17.04.2014 |
| 999 ## - СИСТЕМНИ КОНТРОЛНИ НОМЕРА | |
| Koha biblioitemnumber | 153370 |
| Код за отписване | Код за изгубен артикул | Източник на класификационната схема | Код за повреда | Коз за рестрикции | Код за отдаване | Артикулен № | Име на библиотеката - собственик | Име на библиотеката, в която се намира в момента | Статус (Текущо местоположение) | Дата на вписване в системата | Местоположение - отдел | Цена в лева | Инвентарен номер | Систематично азбучна сигнатура | Баркод | Номер на екземпляра | Цена в евро | Служебна бележка | Служебен тип на артикула |
|---|---|---|---|---|---|---|---|---|---|---|---|---|---|---|---|---|---|---|---|
| Не е изгубен | Universal Decimal Classification | Не е повреден | без рестрикции | ползва се в читалня | 256683 | Регионална библиотека "Любен Каравелов" Русе | Регионална библиотека "Любен Каравелов" Русе | Хранилище | 1987-01-01 | Хранилище | 3.15 | 488384 | Цб 151042 | 120000488384 | 1 | 1.61 | N: стар фонд Дата: 01.01.1987 | Книги | |
| Изтеглен | Не е изгубен | Universal Decimal Classification | Не е повреден | без рестрикции | заемане за дома | 256684 | Регионална библиотека "Любен Каравелов" Русе | Регионална библиотека "Любен Каравелов" Русе | Заемна - подръчен фонд | 1987-01-01 | Заемна - подръчен фонд | 3.15 | 492254 | П 314/Н 17 | 492254 | 2 | 1.61 | N: стар фонд Дата: 01.01.1987 Дата инв: 02.02.2018 Бележки инв: П2018 | Книги |
| Изтеглен | Не е изгубен | Universal Decimal Classification | Не е повреден | без рестрикции | заемане за дома | 256685 | Регионална библиотека "Любен Каравелов" Русе | Регионална библиотека "Любен Каравелов" Русе | Заемна - подръчен фонд | 1987-01-01 | Заемна - подръчен фонд | 3.15 | 492255 | П 314/Н 17 | 492255 | 3 | 1.61 | N: стар фонд Дата: 01.01.1987 Дата инв: 02.02.2018 Бележки инв: П2018 | Книги |